Normal view
MARC view
Entry Personal Name
001 - CONTROL NUMBER
- control field: 40041
003 - CONTROL NUMBER IDENTIFIER
- control field: OSt
005 - DATE AND TIME OF LATEST TRANSACTION
- control field: 20230818165757.0
008 - FIXED-LENGTH DATA ELEMENTS
- fixed length control field: 230818|| aca||aabn | a|a d
040 ## - CATALOGING SOURCE
- Original cataloging agency: OSt
- Transcribing agency: OSt
100 ## - HEADING--PERSONAL NAME
- Personal name: Cusolito, A.N., Marin, A.G. and Maloney, W.F.
670 ## - SOURCE DATA FOUND
- Source citation: Work cat.: (OSt)522434: Cusolito, A.N., Marin, A.G. and Maloney, W.F. , Proximity to the frontier, markups, and the response of innovation to foreign competition: Evidence from matched production-innovation surveys in Chile
